[Event "44.Semif.Camp.Italiano Categoria Mag."]
[Site "Torino ITA"]
[Date "1984.01.21"]
[Round "1.11"]
[White "Malgaroli, Luciano"]
[Black "Boschetti, Marco"]
[Result "1-0"]
[WhiteElo "2072"]
[BlackElo "1964"]
[Annotator "Gabriele Ballarin"]
[PlyCount "72"]
[EventDate "1984.01.21"]
[EventType "swiss"]
[EventRounds "9"]
[EventCountry "ITA"]

1. d4 d5 2. Nf3 e6 3. g3 Nf6 4. Bg2 Be7 5. O-O O-O 6. Nbd2 c5 7. b3 Nc6 8. Bb2 b6 9. c4 Bb7 10. cxd5 exd5 11. Rc1 Rc8 12. Qc2 Ba6 13. Bh3 Rc7 14. Rfe1 Bc8 15. Bg2 Bg4 16. dxc5 Nb4 17. Qb1 bxc5 18. Ne5 Bh5 19. a3 Nc6 20. Nxc6 Rxc6 21. b4 Bg6 22. Qa1 c4 23. Nf3 Re8 24. Ne5 Re6 25. Rcd1 Be4 26. f3 Bg6 27. Nxc4 Bf8 28. e4 Qc8 29. Ne5 dxe4 30. Nxg6 hxg6 31. Bh3 Qb7 32. Bxe6 Rxe6 33. Bxf6 gxf6 34. fxe4 Qb6+ 35. Qd4 Qa6 36. Rd3 Rd6 $138 1-0

[Event "44.Semif.Camp.Italiano Categoria Mag."]
[Site "Torino ITA"]
[Date "1984.01.21"]
[Round "1.12"]
[White "Geuna, Giuseppe"]
[Black "Mammola, Dino"]
[Result "1/2-1/2"]
[WhiteElo "1900"]
[BlackElo "2005"]
[Annotator "Gabriele Ballarin"]
[PlyCount "82"]
[EventDate "1984.01.21"]
[EventType "swiss"]
[EventRounds "9"]
[EventCountry "ITA"]

1. d4 Nf6 2. e3 g6 3. Bd3 Bg7 4. Nd2 d6 5. f4 O-O 6. Ngf3 c5 7. O-O Nd5 8. Qe1 cxd4 9. Nxd4 e5 10. fxe5 dxe5 11. N4f3 Nb4 12. Qe2 Nxd3 13. cxd3 Nc6 14. Nc4 Be6 15. Bd2 b5 16. Na3 a6 17. Rac1 Rc8 18. b3 Qd6 19. Nc2 Rfd8 20. Nfe1 Rd7 21. Qf3 Rcd8 22. Rd1 Bd5 23. Qg3 Rc8 24. Bc1 Qe7 25. Bb2 Rdc7 26. Rf2 Nb4 27. Ba3 a5 28. Qg4 Be6 29. Qg3 Rc3 30. Nxb4 axb4 31. Bb2 R3c7 32. Bxe5 Bxe5 33. Qxe5 Bg4 34. Qxe7 Rxe7 35. Nf3 Rxe3 36. d4 Kf8 37. d5 Bxf3 38. gxf3 Ke7 39. d6+ Kd7 40. Rd4 Rc5 41. Kg2 Rec3 1/2-1/2

[Event "44.Semif.Camp.Italiano Categoria Mag."]
[Site "Torino ITA"]
[Date "1984.01.21"]
[Round "1.13"]
[White "Diana, Riccardo"]
[Black "Belotti, Bruno"]
[Result "0-1"]
[WhiteElo "1958"]
[BlackElo "2206"]
[Annotator "Gabriele Ballarin"]
[PlyCount "33"]
[EventDate "1984.01.21"]
[EventType "swiss"]
[EventRounds "9"]
[EventCountry "ITA"]

1. e4 c5 2. c3 d5 3. exd5 Qxd5 4. d4 e6 5. Nf3 Nf6 6. Be2 Nc6 7. O-O cxd4 8. cxd4 Be7 9. Nc3 Qd8 10. Be3 O-O 11. Rc1 Nb4 12. Ne5 Nbd5 13. Bf3 Qa5 14. Qd3 Re8 {Nur} 15. Bg5 Nxc3 16. bxc3 Qc7 17. Rfe1 {Nur} 0-1

[Event "44.Semif.Camp.Italiano Categoria Mag."]
[Site "Torino ITA"]
[Date "1984.01.21"]
[Round "1.14"]
[White "Pozzi, Enrico"]
[Black "Corgnati, Maurizio"]
[Result "0-1"]
[WhiteElo "2058"]
[BlackElo "2117"]
[Annotator "Gabriele Ballarin"]
[PlyCount "44"]
[EventDate "1984.01.21"]
[EventType "swiss"]
[EventRounds "9"]
[EventCountry "ITA"]

1. e4 e6 2. d4 d5 3. exd5 exd5 4. Nf3 Nc6 5. Bd3 Nb4 6. O-O Nxd3 7. Qxd3 Bd6 8. Re1+ Ne7 9. Ng5 h6 10. Nh3 g5 11. f4 c6 12. fxg5 hxg5 13. Nxg5 Bxh2+ 14. Kf2 Qd6 15. g3 Bf5 16. Bf4 Qxf4+ 17. gxf4 Bxd3 18. cxd3 Bxf4 19. Nf3 f6 20. Nc3 Kf7 21. b4 Nf5 22. Ne2 Be3+ 0-1

[Event "44.Semif.Camp.Italiano Categoria Mag."]
[Site "Torino ITA"]
[Date "1984.01.21"]
[Round "1.15"]
[White "Gallo, Enrico"]
[Black "Chiaudano, Andrea"]
[Result "1-0"]
[WhiteElo "2042"]
[BlackElo "1927"]
[Annotator "Gabriele Ballarin"]
[PlyCount "63"]
[EventDate "1984.01.21"]
[EventType "swiss"]
[EventRounds "9"]
[EventCountry "ITA"]

1. e4 Nf6 2. e5 Nd5 3. c4 Nb6 4. c5 Nd5 5. Bc4 e6 6. Nc3 Nxc3 7. dxc3 Nc6 8. Bf4 b6 9. cxb6 axb6 10. Qg4 Ba6 11. Bxa6 Rxa6 12. Nf3 Qa8 13. a3 Ra4 14. O-O Ne7 15. Nd4 Nd5 16. b3 Rxa3 17. Rxa3 Qxa3 18. Bc1 Qc5 19. c4 f5 20. Qd1 Nc3 21. Qf3 Qxd4 22. Bb2 Qe4 23. Qxc3 Bc5 24. Qd2 Qb7 25. Rd1 Qc8 26. Kf1 h6 27. Qd3 g6 28. Bc3 Rh7 29. Qf3 Rf7 30. Ra1 c6 31. b4 Bf8 32. Bd4 1-0

[Event "44.Semif.Camp.Italiano Categoria Mag."]
[Site "Torino ITA"]
[Date "1984.01.21"]
[Round "1.16"]
[White "Cordara, Michele"]
[Black "Ponzetto, Giuseppe"]
[Result "1-0"]
[WhiteElo "2151"]
[BlackElo "1968"]
[Annotator "Gabriele Ballarin"]
[PlyCount "52"]
[EventDate "1984.01.21"]
[EventType "swiss"]
[EventRounds "9"]
[EventCountry "ITA"]

1. d4 Nc6 2. Nf3 e6 3. Bf4 d5 4. e3 Bd6 5. Ne5 Nce7 6. Bd3 Ng6 7. Bg3 Nf6 8. Nd2 Nd7 9. f4 f5 10. O-O Nf6 11. c4 Ne4 12. Bxe4 dxe4 13. b4 Bd7 14. Qb3 O-O 15. Rfd1 Qe8 16. a4 a5 17. Nxg6 hxg6 18. c5 Be7 19. b5 Qf7 20. Rab1 e5 21. fxe5 Be6 22. Qc2 g5 23. Rf1 g6 24. Nxe4 Bc4 25. Rf2 Qd5 26. Nd2 f4 1-0

[Event "44.Semif.Camp.Italiano Categoria Mag."]
[Site "Torino ITA"]
[Date "1984.01.21"]
[Round "1.17"]
[White "Gualtieri, Gaetano"]
[Black "Palmiotto, Fiorentino"]
[Result "1/2-1/2"]
[WhiteElo "1900"]
[BlackElo "2095"]
[Annotator "Gabriele Ballarin"]
[PlyCount "44"]
[EventDate "1984.01.21"]
[EventType "swiss"]
[EventRounds "9"]
[EventCountry "ITA"]

1. d4 Nf6 2. c4 g6 3. Nc3 Bg7 4. e4 d6 5. f3 O-O 6. Be3 c6 7. Qd2 a6 8. Bd3 e5 9. d5 c5 10. Nge2 Nbd7 11. g4 h5 12. gxh5 Nxh5 13. O-O-O f5 14. exf5 gxf5 15. Bg5 Qe8 16. Ng3 e4 17. fxe4 Nxg3 18. hxg3 Ne5 19. Bh6 Qg6 20. Bxg7 Kxg7 21. Rdf1 Bd7 22. exf5 Nxd3+ 1/2-1/2

[Event "44.Semif.Camp.Italiano Categoria Mag."]
[Site "Torino ITA"]
[Date "1984.01.21"]
[Round "1.18"]
[White "Bellia, Fabrizio"]
[Black "Marchiori, Diego"]
[Result "1/2-1/2"]
[WhiteElo "2115"]
[BlackElo "2009"]
[Annotator "Gabriele Ballarin"]
[PlyCount "48"]
[EventDate "1984.01.21"]
[EventType "swiss"]
[EventRounds "9"]
[EventCountry "ITA"]

1. e4 c5 2. Nf3 d6 3. d4 cxd4 4. Nxd4 Nf6 5. Nc3 Nc6 6. Bg5 Qb6 7. Nb3 e6 8. Be3 Qc7 9. Be2 a6 10. a4 b6 11. O-O Be7 12. f4 O-O 13. Kh1 Rd8 14. Bf3 Bb7 15. Rf2 d5 16. exd5 Nb4 17. Qd4 Nbxd5 18. Nxd5 Nxd5 19. Bxd5 Bxd5 20. Qxb6 Qc4 21. Na5 Qe4 22. c4 Bxc4 23. Nc6 Re8 24. Rc1 Bf6 1/2-1/2

[Event "44.Semif.Camp.Italiano Categoria Mag."]
[Site "Torino ITA"]
[Date "1984.01.22"]
[Round "2"]
[White "Benso, Enrico"]
[Black "Villasco, Paolo"]
[Result "0-1"]
[WhiteElo "1900"]
[BlackElo "1900"]
[Annotator "Gabriele Ballarin"]
[PlyCount "152"]
[EventDate "1984.01.21"]
[EventType "swiss"]
[EventRounds "9"]
[EventCountry "ITA"]

1. Nf3 Nf6 2. g3 c5 3. Bg2 Nc6 4. d4 cxd4 5. Nxd4 g6 6. O-O Bg7 7. c4 O-O 8. Nc3 Qb6 9. Nc2 d6 10. Rb1 Nd7 11. Be3 Qa6 12. Nb5 Qxa2 13. b3 Qa5 14. Ncd4 Nde5 15. Ra1 Qd8 16. Ra2 a6 17. Qd2 Bd7 18. Nc3 Rc8 19. Nd5 Re8 20. Nf3 Be6 21. Nd4 Nxd4 22. Bxd4 Nd7 23. Bxg7 Kxg7 24. Nf4 Qb6 25. Nxe6+ fxe6 26. Bh3 Nc5 27. b4 Ne4 28. Qb2+ Kf7 29. c5 dxc5 30. Qe5 Nf6 31. bxc5 Rxc5 32. Rb2 Qc6 33. Qe3 b5 34. Rd1 Rd5 35. Rc1 Qd6 36. Kg2 Rd8 37. Rbc2 Qe5 38. Qf3 Qe4 39. Qxe4 Nxe4 40. Rc6 R5d6 41. Rc7 R8d7 42. Rc8 Ng5 43. Bg4 h5 44. Bf3 Nxf3 45. Kxf3 e5 46. Ra8 Ke6 47. Ra1 Rb7 48. R8xa6 Rxa6 49. Rxa6+ Kd5 50. Ke3 b4 51. Kd3 b3 52. Ra1 e4+ 53. Kc3 Ke5 54. Ra5+ Kf6 55. Kb2 Rb6 56. h4 e5 57. Rc5 Kf5 58. Rc3 Kg4 59. Re3 Rb4 60. Rc3 Kh3 61. Rc6 e3 62. fxe3 Rg4 63. Kxb3 Rxg3 64. Kc4 Kxh4 65. e4 Rg5 66. Kd5 Kg4 67. Ke6 h4 68. Kf6 h3 69. Rc1 h2 70. Rh1 Rh5 71. Kxg6 Rh3 72. e3 Kf3 73. Kf5 Kxe3 74. Kxe5 Rh5+ 75. Kf6 Kxe4 76. Kg6 Rh3 0-1

[Event "44.Semif.Camp.Italiano Categoria Mag."]
[Site "Torino ITA"]
[Date "1984.01.22"]
[Round "2"]
[White "Chiaudano, Andrea"]
[Black "Ponzetto, Giuseppe"]
[Result "1/2-1/2"]
[WhiteElo "1927"]
[BlackElo "1968"]
[Annotator "Gabriele Ballarin"]
[PlyCount "51"]
[EventDate "1984.01.21"]
[EventType "swiss"]
[EventRounds "9"]
[EventCountry "ITA"]

1. e4 Nc6 2. Nf3 d6 3. d4 Nf6 4. Nc3 Bg4 5. Bb5 a6 6. Bxc6+ bxc6 7. O-O e6 8. Qd3 Be7 9. Ne2 O-O 10. Ng3 Bxf3 11. gxf3 c5 12. dxc5 d5 13. Be3 Nd7 14. exd5 Nxc5 15. Qc3 Qxd5 16. Bxc5 Qxc5 17. Qxc5 Bxc5 18. Rad1 Rfd8 19. Ne4 Be7 20. Kg2 Rd5 21. Rxd5 exd5 22. Nc3 c6 23. Re1 Kf8 24. Na4 Rb8 25. b3 Bd6 26. Re3 1/2-1/2

[Event "44.Semif.Camp.Italiano Categoria Mag."]
[Site "Torino ITA"]
[Date "1984.01.22"]
[Round "2"]
[White "Corgnati, Maurizio"]
[Black "Belotti, Bruno"]
[Result "1/2-1/2"]
[WhiteElo "2117"]
[BlackElo "2206"]
[Annotator "Gabriele Ballarin"]
[PlyCount "48"]
[EventDate "1984.01.21"]
[EventType "swiss"]
[EventRounds "9"]
[EventCountry "ITA"]

1. d4 f5 2. Nf3 e6 3. g3 Nf6 4. Bg2 c5 5. O-O Nc6 6. c4 cxd4 7. Nxd4 Bc5 8. Nb3 Be7 9. Nc3 b6 10. Bf4 Bb7 11. Nd5 exd5 12. cxd5 Nb4 13. d6 Bxg2 14. dxe7 Qxe7 15. Kxg2 Nbd5 16. Bg5 Qe4+ 17. f3 Qe5 18. Qd4 Qxe2+ 19. Rf2 Qe6 20. Qd3 O-O 21. Nd4 Qd6 22. Qxf5 Nb4 23. Bxf6 Rxf6 24. Qe4 Raf8 1/2-1/2

[Event "44.Semif.Camp.Italiano Categoria Mag."]
[Site "Torino ITA"]
[Date "1984.01.22"]
[Round "2"]
[White "Diana, Riccardo"]
[Black "Pozzi, Enrico"]
[Result "1-0"]
[WhiteElo "1958"]
[BlackElo "2058"]
[Annotator "Gabriele Ballarin"]
[PlyCount "55"]
[EventDate "1984.01.21"]
[EventType "swiss"]
[EventRounds "9"]
[EventCountry "ITA"]

1. e4 c5 2. c3 d5 3. exd5 Qxd5 4. d4 Nf6 5. Nf3 cxd4 6. cxd4 e6 7. Nc3 Qd8 8. Be2 Be7 9. O-O O-O 10. Ne5 Nc6 11. Nxc6 bxc6 12. Bg5 Qb6 13. Qa4 a6 14. Bg4 Bb7 15. Bf3 Ra7 16. Rac1 Qb4 17. Qc2 Ba8 18. h3 Qb8 19. Na4 Rc8 20. Nc5 h6 21. Bh4 g5 22. Bg3 Bd6 23. Nxe6 Re7 24. Nc5 Bxg3 25. fxg3 Rce8 26. Qf5 Kg7 27. b3 Qb4 28. g4 {Nur} 1-0

[Event "44.Semif.Camp.Italiano Categoria Mag."]
[Site "Torino ITA"]
[Date "1984.01.22"]
[Round "2"]
[White "Drei, Andrea"]
[Black "Malgaroli, Luciano"]
[Result "0-1"]
[WhiteElo "2132"]
[BlackElo "2072"]
[Annotator "Gabriele Ballarin"]
[PlyCount "71"]
[EventDate "1984.01.21"]
[EventType "swiss"]
[EventRounds "9"]
[EventCountry "ITA"]

1. e4 Nc6 2. d4 d5 3. Nc3 e6 4. Nf3 Nf6 5. Bg5 Bb4 6. e5 h6 7. Bh4 g5 8. Nxg5 Ne4 9. Ngxe4 Qxh4 10. Nf6+ Kd8 11. Qd3 Qxd4 12. Qxd4 Nxd4 13. O-O-O Nc6 14. f4 Bd7 15. Be2 Be7 16. Nce4 Nb8 17. Rd2 Kc8 18. Rhd1 Rd8 19. Nxd7 Nxd7 20. Nc3 c6 21. Bh5 Rf8 22. Rd3 f6 23. exf6 Rxf6 24. g3 Nc5 25. Re3 a5 26. Bg4 Kc7 27. Re2 b5 28. b3 Bd6 29. Rde1 b4 30. Na4 Re8 31. Nxc5 Bxc5 32. Bxe6 Kd6 33. f5 Bd4 34. Rf1 Be5 35. g4 Bc3 36. Kb1 0-1

[Event "44.Semif.Camp.Italiano Categoria Mag."]
[Site "Torino ITA"]
[Date "1984.01.22"]
[Round "2"]
[White "Fabbri, Mario"]
[Black "Pantaleoni, Claudio"]
[Result "0-1"]
[WhiteElo "2200"]
[BlackElo "2158"]
[Annotator "Gabriele Ballarin"]
[PlyCount "58"]
[EventDate "1984.01.21"]
[EventType "swiss"]
[EventRounds "9"]
[EventCountry "ITA"]

1. d4 d5 2. Nf3 Nf6 3. g3 c6 4. Bg2 Bf5 5. Nh4 Bc8 6. O-O Nbd7 7. f4 e6 8. Nf3 Qb6 9. Nc3 c5 10. e3 Be7 11. Kh1 O-O 12. Ne5 Nxe5 13. fxe5 Nd7 14. Ne2 f6 15. exf6 Nxf6 16. Nf4 Bd7 17. a4 Rac8 18. c3 Bd6 19. Nd3 Qc7 20. Nf2 b5 21. axb5 Bxb5 22. Re1 Bxg3 23. hxg3 Qxg3 24. Qd2 Nh5 25. Nh3 Rf6 26. Nf4 Nxf4 27. exf4 Rh6+ 28. Kg1 Qh2+ 29. Kf2 Rg6 0-1

[Event "44.Semif.Camp.Italiano Categoria Mag."]
[Site "Torino ITA"]
[Date "1984.01.22"]
[Round "2"]
[White "Gallo, Enrico"]
[Black "Cordara, Michele"]
[Result "0-1"]
[WhiteElo "2042"]
[BlackElo "2151"]
[Annotator "Gabriele Ballarin"]
[PlyCount "44"]
[EventDate "1984.01.21"]
[EventType "swiss"]
[EventRounds "9"]
[EventCountry "ITA"]

1. e4 c5 2. Nf3 d6 3. d4 cxd4 4. Nxd4 Nf6 5. Nc3 a6 6. Bc4 e6 7. Bb3 b5 8. O-O Be7 9. f4 Bb7 10. Be3 Nbd7 11. Bxe6 fxe6 12. Nxe6 Qc8 13. Nxg7+ Kf7 14. Nf5 b4 15. Nxe7 Kxe7 16. e5 Qc6 17. exf6+ Nxf6 18. Rf3 bxc3 19. Qe2 Kf7 20. b3 Rhg8 21. Raf1 Rae8 22. Qd3 Qb5 0-1

[Event "44.Semif.Camp.Italiano Categoria Mag."]
[Site "Torino ITA"]
[Date "1984.01.22"]
[Round "2"]
[White "Gazziero, Gabriele"]
[Black "Boschetti, Marco"]
[Result "0-1"]
[WhiteElo "1941"]
[BlackElo "1964"]
[Annotator "Gabriele Ballarin"]
[PlyCount "82"]
[EventDate "1984.01.21"]
[EventType "swiss"]
[EventRounds "9"]
[EventCountry "ITA"]

1. e4 e6 2. d4 d5 3. Nd2 Nf6 4. e5 Nfd7 5. Ngf3 c5 6. c3 Nc6 7. Be2 cxd4 8. cxd4 Qb6 9. Nb3 Bb4+ 10. Kf1 f6 11. exf6 Nxf6 12. g3 e5 13. Nxe5 Bh3+ 14. Kg1 O-O 15. Be3 Ne4 16. Nd3 Bd6 17. Bg4 Bxg4 18. Qxg4 Rae8 19. Kg2 Rf6 20. Qh5 Rfe6 21. Qxd5 Nf6 22. Qf3 Qb5 23. Ndc5 Bxc5 24. Nxc5 R6e7 25. b3 Rf8 26. Qd1 Ne4 27. Qh5 Nf6 28. Qd1 b6 29. a4 Qb4 30. Nd3 Qd6 31. Nb2 Nd5 32. Nc4 Nxe3+ 33. Nxe3 Ref7 34. f4 Nxd4 35. Rc1 Qd7 36. Qg4 Qb7+ 37. Kf2 Nxb3 38. Rc3 Nc5 39. Kf1 Qxh1+ 40. Ke2 Qxh2+ 41. Kf3 Qd2 0-1

[Event "44.Semif.Camp.Italiano Categoria Mag."]
[Site "Torino ITA"]
[Date "1984.01.22"]
[Round "2"]
[White "Gualtieri, Gaetano"]
[Black "Bellia, Fabrizio"]
[Result "1/2-1/2"]
[WhiteElo "1900"]
[BlackElo "2115"]
[Annotator "Gabriele Ballarin"]
[PlyCount "50"]
[EventDate "1984.01.21"]
[EventType "swiss"]
[EventRounds "9"]
[EventCountry "ITA"]

1. e4 c5 2. Nf3 Nc6 3. Bb5 g6 4. c3 Bg7 5. d4 cxd4 6. cxd4 Qb6 7. Bxc6 bxc6 8. O-O d6 9. h3 Nf6 10. Nc3 O-O 11. b3 Qa5 12. Qd2 Kh8 13. Bb2 Qh5 14. Qg5 Kg8 15. Rad1 Bh6 16. Qxh5 Nxh5 17. Rfe1 Nf4 18. Ne2 Nxe2+ 19. Rxe2 Re8 20. Bc1 Bg7 21. Be3 Kf8 22. e5 h6 23. Rde1 Bb7 24. exd6 exd6 25. Nd2 d5 1/2-1/2

[Event "44.Semif.Camp.Italiano Categoria Mag."]
[Site "Torino ITA"]
[Date "1984.01.22"]
[Round "2"]
[White "Luciani, Carlo"]
[Black "Spinelli, Doriano"]
[Result "1-0"]
[WhiteElo "2112"]
[BlackElo "1919"]
[Annotator "Gabriele Ballarin"]
[PlyCount "81"]
[EventDate "1984.01.21"]
[EventType "swiss"]
[EventRounds "9"]
[EventCountry "ITA"]

1. e4 e5 2. Nf3 Nc6 3. Bc4 Be7 4. d4 d6 5. h3 Nf6 6. Nc3 O-O 7. O-O exd4 8. Nxd4 Ne5 9. Bb3 c6 10. Bf4 Ng6 11. Bh2 d5 12. exd5 cxd5 13. Ndb5 Be6 14. Nc7 Qd7 15. N3xd5 Nxd5 16. Bxd5 Bxd5 17. Qxd5 Rad8 18. Rad1 Qa4 19. Qb3 Qh4 20. Nd5 Bc5 21. Qxb7 Qg5 22. Nc3 Nh4 23. Kh1 Rxd1 24. Nxd1 Rd8 25. Qe4 f5 26. Qe6+ Kh8 27. Bg3 Ng6 28. Nc3 f4 29. Bh2 Bb6 30. Qg4 Qxg4 31. hxg4 Rd2 32. Re1 Kg8 33. Re2 Rd4 34. a3 f3 35. gxf3 Nh4 36. Be5 Rd7 37. f4 Kf7 38. Kh2 g5 39. fxg5 Nf3+ 40. Kg2 Nxg5 41. Na4 1-0

[Event "44.Semif.Camp.Italiano Categoria Mag."]
[Site "Torino ITA"]
[Date "1984.01.22"]
[Round "2"]
[White "Mammola, Dino"]
[Black "Palmiotto, Fiorentino"]
[Result "0-1"]
[WhiteElo "2005"]
[BlackElo "2095"]
[Annotator "Gabriele Ballarin"]
[PlyCount "40"]
[EventDate "1984.01.21"]
[EventType "swiss"]
[EventRounds "9"]
[EventCountry "ITA"]

1. d4 d5 2. Nf3 Nf6 3. g3 c5 4. Bg2 Nc6 5. O-O Bg4 6. c3 e6 7. Ne5 Bf5 8. Qa4 cxd4 9. cxd4 Qb6 10. Nxc6 bxc6 11. Bd2 Bd6 12. Ba5 Qa6 13. Nc3 Rb8 14. f3 Rxb2 15. e4 dxe4 16. fxe4 Rxg2+ 17. Kxg2 Nxe4 18. Rac1 Nxc3 19. Rxc3 Bh3+ 20. Kxh3 Qxf1+ 0-1

[Event "44.Semif.Camp.Italiano Categoria Mag."]
[Site "Torino ITA"]
[Date "1984.01.22"]
[Round "2"]
[White "Mantovani, Renzo"]
[Black "Laco, Giuseppe"]
[Result "1/2-1/2"]
[WhiteElo "2146"]
[BlackElo "2170"]
[Annotator "Gabriele Ballarin"]
[PlyCount "150"]
[EventDate "1984.01.21"]
[EventType "swiss"]
[EventRounds "9"]
[EventCountry "ITA"]

{[%evp 0,64,34,34,41,58,75,62,57,31,31,50,145,124,134,86,132,77,119,69,160,179,170,98,116,115,107,75,171,137,112,98,151,146,146,146,204,129,227,227,312,330,373,324,413,207,211,208,414,443,443,457,457,375,394,333,457,435,435,435,341,356,335,313,341,328,455]} 1. e4 c5 2. Nf3 e6 3. d4 cxd4 4. Nxd4 Nf6 5. Nc3 a6 6. e5 Ng8 7. Bd3 d6 8. exd6 Bxd6 9. O-O Bd7 10. Ne4 Be7 11. Bf4 Qb6 12. Nb3 Nf6 13. Nbd2 Bc6 14. Nc4 Qd8 15. Ncd6+ Bxd6 16. Nxd6+ Kf8 17. Re1 h5 18. c4 g5 19. Bxg5 Nbd7 20. Qd2 Qc7 21. Bf1 Rg8 22. Rad1 Rg6 23. Bf4 Rg4 24. h3 Rg6 25. Nxf7 Qb6 26. Ne5 Nxe5 27. Rxe5 Ne4 28. Qd4 Qxd4 29. Rxd4 Nf6 30. Rxe6 Kf7 31. Red6 Rag8 32. g3 h4 33. Bg2 hxg3 34. fxg3 Rxg3 35. Bxg3 Rxg3 36. Rxc6 bxc6 37. Kh2 Re3 38. Rd2 c5 39. b3 Nh5 40. Rf2+ Kg7 41. Rf5 Kg6 42. Rxc5 Re2 43. Ra5 Nf4 44. Kg3 Nxg2 45. Rxa6+ Kf5 46. Ra8 Ne1 47. Rf8+ Kg6 48. Ra8 Kf5 49. h4 Rg2+ 50. Kh3 Rg1 51. Rf8+ Ke4 52. Kh2 Rg2+ 53. Kh3 Rg1 54. Re8+ Kf3 55. Rf8+ Ke3 56. Kh2 Rg2+ $2 57. Kh3 Rg1 58. h5 $1 Nd3 59. Kh2 Rg5 60. h6 Ne5 61. h7 Rh5+ 62. Kg3 Rxh7 63. Rg8 Rh1 64. Kg2 Ra1 65. a4 Nd7 66. Rc8 Ra2+ 67. Kg3 Rb2 68. Rc7 Ne5 69. Rb7 Rb1 70. Kg2 Kf4 71. c5 Rb2+ 72. Kh3 Kf3 73. Rg7 Rb1 74. Rg3+ Kf4 75. Rc3 Nc6 1/2-1/2

[Event "44.Semif.Camp.Italiano Categoria Mag."]
[Site "Torino ITA"]
[Date "1984.01.22"]
[Round "2"]
[White "Marchiori, Diego"]
[Black "Ceschia, Ivano"]
[Result "0-1"]
[WhiteElo "2009"]
[BlackElo "2244"]
[Annotator "Gabriele Ballarin"]
[PlyCount "66"]
[EventDate "1984.01.21"]
[EventType "swiss"]
[EventRounds "9"]
[EventCountry "ITA"]

1. e4 c5 2. Nf3 d6 3. d4 cxd4 4. Nxd4 Nf6 5. Nc3 Nc6 6. Be2 g6 7. Be3 Bg7 8. O-O O-O 9. h3 Nxd4 10. Bxd4 Qa5 11. Kh1 Bd7 12. f4 e5 13. Be3 Bc6 14. Qd2 Qc7 15. Bf3 Rac8 16. a4 a6 17. a5 Rfe8 18. fxe5 Rxe5 19. Bf4 Rxa5 20. Bxd6 Rxa1 21. Bxc7 Rxf1+ 22. Kh2 Rxc7 23. Qd8+ Ne8 24. Nd5 Be5+ 25. g3 Rxf3 26. Nxc7 Bxc7 27. Qc8 Rxg3 28. h4 Rc3+ 29. Kg1 Bb6+ 30. Kh2 Rxc2+ 31. Kg3 Kg7 32. h5 Bc7+ 33. Kf3 Bxe4+ 0-1

[Event "44.Semif.Camp.Italiano Categoria Mag."]
[Site "Torino ITA"]
[Date "1984.01.22"]
[Round "2"]
[White "Messa, Roberto"]
[Black "Steinfl, Alessandro"]
[Result "1/2-1/2"]
[WhiteElo "2255"]
[BlackElo "2025"]
[Annotator "Gabriele Ballarin"]
[PlyCount "84"]
[EventDate "1984.01.21"]
[EventType "swiss"]
[EventRounds "9"]
[EventCountry "ITA"]

1. e4 c5 2. Nf3 Nc6 3. d4 cxd4 4. Nxd4 Nf6 5. Nc3 e5 6. Ndb5 d6 7. a4 Be6 8. Nd5 Bxd5 9. exd5 Ne7 10. c4 a6 11. Nc3 g6 12. Bd3 Bg7 13. O-O O-O 14. a5 Nd7 15. Ne4 Qc7 16. Bd2 f5 17. Ng5 Nc5 18. Be3 h6 19. Bxc5 hxg5 20. Bb6 Qd7 21. c5 Kh7 22. Bc4 dxc5 23. Bxc5 Rac8 24. b4 Rfd8 25. Qb3 e4 26. Rad1 Re8 27. d6 Nc6 28. Qh3+ Bh6 29. Be3 Kg7 30. Bc1 Ne5 31. Be2 Rc6 32. Bb2 Rc2 33. Rc1 Rxc1 34. Rxc1 g4 35. Rc7 Qxc7 36. dxc7 gxh3 37. Bxe5+ Kf7 38. b5 Ke6 39. bxa6 bxa6 40. Bxa6 Kxe5 41. c8=Q Rxc8 42. Bxc8 Bf8 1/2-1/2

[Event "44.Semif.Camp.Italiano Categoria Mag."]
[Site "Torino ITA"]
[Date "1984.01.22"]
[Round "2"]
[White "Rodella, Franco"]
[Black "Geuna, Giuseppe"]
[Result "0-1"]
[WhiteElo "1905"]
[BlackElo "1900"]
[Annotator "Gabriele Ballarin"]
[PlyCount "72"]
[EventDate "1984.01.21"]
[EventType "swiss"]
[EventRounds "9"]
[EventCountry "ITA"]

1. Nf3 d5 2. g3 e6 3. Bg2 f5 4. d3 Nf6 5. O-O Bd6 6. Bg5 O-O 7. Qd2 Qe8 8. Nc3 c6 9. Rae1 Qh5 10. Bf4 Bb4 11. a3 Ba5 12. b4 Bb6 13. Bd6 Rd8 14. Qf4 Nbd7 15. Na4 Re8 16. Nxb6 axb6 17. Ne5 Nxe5 18. Bxe5 Ng4 19. h3 Nxe5 20. Qxe5 Rxa3 21. e4 Rf8 22. g4 Qf7 23. gxf5 dxe4 24. fxe6 Bxe6 25. f3 Qg6 26. fxe4 Re8 27. Qh2 Ra2 28. Re2 Bb3 29. Rff2 Ra1+ 30. Rf1 Rxf1+ 31. Kxf1 Rf8+ 32. Ke1 Qg5 33. Kd1 Ra8 34. Rf2 Qe3 35. cxb3 Ra1+ 36. Kc2 Qc1# 0-1

[Event "44.Semif.Camp.Italiano Categoria Mag."]
[Site "Torino ITA"]
[Date "1984.01.22"]
[Round "2"]
[White "Salvetti, Alec"]
[Black "Bianco, Valerio"]
[Result "1-0"]
[WhiteElo "1979"]
[BlackElo "1973"]
[Annotator "Gabriele Ballarin"]
[PlyCount "53"]
[EventDate "1984.01.21"]
[EventType "swiss"]
[EventRounds "9"]
[EventCountry "ITA"]

1. e4 c5 2. Nf3 e6 3. d4 cxd4 4. Nxd4 Nf6 5. Nc3 d6 6. g4 h6 7. Rg1 Nc6 8. Be3 a6 9. Qe2 Nxd4 10. Bxd4 e5 11. Be3 Be6 12. h4 Qa5 13. Bd2 b5 14. g5 hxg5 15. hxg5 Nd7 16. Nd5 Qd8 17. O-O-O Bxd5 18. exd5 g6 19. Rg3 Bg7 20. Bh3 Nc5 21. f4 Kf8 22. f5 gxf5 23. Bxf5 b4 24. Bxb4 Qb6 25. Bxc5 Qxc5 26. Be4 Rb8 27. Qxa6 1-0

[Event "44.Semif.Camp.Italiano Categoria Mag."]
[Site "Torino ITA"]
[Date "1984.01.22"]
[Round "2"]
[White "Sarno, Spartaco"]
[Black "Gibellato, Francesco"]
[Result "1/2-1/2"]
[WhiteElo "1968"]
[BlackElo "2070"]
[Annotator "Gabriele Ballarin"]
[PlyCount "144"]
[EventDate "1984.01.21"]
[EventType "swiss"]
[EventRounds "9"]
[EventCountry "ITA"]

1. d4 Nf6 2. c4 g6 3. Nc3 Bg7 4. e4 O-O 5. Be3 c5 6. d5 d6 7. f3 e6 8. Qd2 exd5 9. cxd5 a6 10. a4 Qa5 11. Ra3 Nbd7 12. Nge2 Ne5 13. Nc1 Nh5 14. Be2 f5 15. exf5 gxf5 16. O-O f4 17. Bf2 Bf5 18. Rb3 Rf7 19. Re1 Qd8 20. Kh1 Qf6 21. Rb6 Qg6 22. Bf1 Ng3+ 23. Bxg3 fxg3 24. hxg3 Qxg3 25. Nb3 Rf6 26. Re3 Bh6 27. Qe1 Qf4 28. Rxe5 Bg5 29. Rxf5 Rh6+ 30. Kg1 Qh2+ 31. Kf2 Bh4+ 32. Ke2 Bxe1 33. Kxe1 Qg1 34. Rxb7 Rh1 35. Nd2 Qe3+ 36. Ne2 Re8 37. Ne4 Qd3 38. Kf2 Kh8 39. Rff7 Qb1 40. Rxh7+ Rxh7 41. Rxh7+ Kxh7 42. Nf6+ Kh8 43. Nxe8 Qg6 44. Nc7 Qg7 45. Ne6 Qxb2 46. Ng5 Qa2 47. Nf7+ Kg7 48. Nxd6 Qxd5 49. Ne4 Qa2 50. N4c3 Qd2 51. f4 Kh8 52. g4 Qd3 53. Bg2 a5 54. Bf3 c4 55. g5 Kg7 56. Kg3 Qd7 57. Be4 Qd2 58. Kg4 Qe3 59. f5 Qf2 60. f6+ Kf8 61. Bd5 Qf1 62. Ng3 Qf2 63. Nge4 Qg2+ 64. Kf5 Qh3+ 65. Ke5 Qg4 66. Bxc4 Qg2 67. Be6 Qh2+ 68. Kd5 Qh7 69. Nb5 Qb7+ 70. Ke5 Qb8+ 71. Ned6 Qa8 72. g6 Qd5+ 1/2-1/2